Caligrafía de la luz: fotografías de Michal Jones.
Saved in:
| Hovedforfatter: | |
|---|---|
| Andre forfattere: | |
| Format: | Bog |
| Sprog: | spansk |
| Udgivet: |
Valparaíso, Chile:
Ediciones Universitarias de Valparaíso,
2018.
|
| Fag: | |
| Tags: |
Tilføj Tag
Ingen Tags, Vær først til at tagge denne postø!
|
MARC
| LEADER | 00000cam a2200000 a 4500 | ||
|---|---|---|---|
| 001 | UCC3950 | ||
| 003 | CL-VaPUC | ||
| 005 | 20231113102847.0 | ||
| 008 | 180622e20180300cl |||||||||||||||||spa|d | ||
| 999 | |c 371595 |d 371593 | ||
| 020 | |a 978-956-17-0740-5 | ||
| 040 | |c Pontificia Universidad Católica de Valparaíso | ||
| 082 | 0 | 4 | |a 779.44 JON 2018 |2 21 |
| 100 | |a Jones Garvin, Michael |e autor |9 558142 | ||
| 245 | 1 | 0 | |a Caligrafía de la luz: fotografías de Michal Jones. |
| 260 | |a Valparaíso, Chile: |b Ediciones Universitarias de Valparaíso, |c 2018. | ||
| 300 | |a 103 páginas. | ||
| 500 | |a c.8-11. Donación Ramón Aldunate. Memo ART 06/2023. | ||
| 583 | |a last modification |c 20180622 13:48:00 |k Rodrigo Vera | ||
| 650 | 0 | |a Fotografía |9 268495 | |
| 650 | 0 | |a Fotografía artística |9 269391 | |
| 650 | 0 | |a Exposiciones |9 265884 | |
| 651 | 0 | |a Valparaíso, Chile |9 261144 | |
| 700 | 0 | |a Lagos, Antonio |9 598083 | |
| 942 | |c BK |2 ddc | ||
| 945 | |d 20180622 13:48:00 |a arojas | ||
| 952 | |0 0 |1 0 |3 erd |4 0 |6 779_440000000000000_JON_2018 |7 0 |8 A |9 488618 |a BIBART |b BIBART |i 5478006 |o 779.44 JON 2018 |p 5478006 |r 2025-03-13 |w 2019-11-24 |y BK |z Catalogado en:20180622 |k ART | ||
| 952 | |0 0 |1 0 |3 erd |4 0 |6 779_440000000000000_JON_2018 |7 0 |8 A |9 488620 |a BIBARQ |b BIBARQ |i 5478022 |l 2 |o 779.44 JON 2018 |p 5478022 |r 2025-01-20 |s 2023-08-07 |w 2019-11-24 |y BK |z Catalogado en:20180622 |k ARQ | ||
| 952 | |0 0 |1 0 |3 erd |4 0 |6 779_440000000000000_JON_2018 |7 0 |8 A |9 488622 |a BIBART |b BIBART |i 5494575 |o 779.44 JON 2018 |p 5494575 |r 2025-03-13 |w 2019-11-24 |y BK |z Catalogado en:20180907 |k ART | ||
| 952 | |0 0 |1 0 |3 erd |4 0 |6 779_440000000000000_JON_2018 |7 0 |8 X |9 488623 |a FDOBUD |b FDOBUD |i 5500915 |o 779.44 JON 2018 |p 5500915 |r 2019-11-24 |w 2019-11-24 |y BK_X |z Catalogado en:20180927 |k FHP | ||
| 952 | |0 0 |1 0 |3 erd |4 0 |6 779_440000000000000_JON_2018 |7 0 |8 A |9 488624 |a BIBART |b BIBART |i 5590779 |o 779.44 JON 2018 |p 5590779 |r 2025-03-13 |w 2019-11-24 |y BK |z Catalogado en:20190607 |k ART | ||
| 952 | |0 0 |1 0 |2 ddc |4 0 |6 779_440000000000000_JON_2018 |7 0 |8 R |9 592481 |a BIBART |b BIBART |c RES |d 2023-11-13 |e Donación |i 5659484 |l 1 |o 779.44 JON 2018 |p 5659484 |r 2025-03-13 |s 2023-12-04 |t 8 |w 2023-11-13 |y BK_R |k ART | ||
| 952 | |0 0 |1 0 |2 ddc |4 0 |6 779_440000000000000_JON_2018 |7 0 |8 A |9 592482 |a BIBART |b BIBART |c GEN |d 2023-11-13 |e Donación |i 5659485 |o 779.44 JON 2018 |p 5659485 |r 2023-11-13 |t 9 |w 2023-11-13 |y BK |k ART | ||
| 952 | |0 0 |1 0 |2 ddc |4 0 |6 779_440000000000000_JON_2018 |7 0 |8 A |9 592483 |a BIBART |b BIBART |c GEN |d 2023-11-13 |e Donación |i 5659486 |o 779.44 JON 2018 |p 5659486 |r 2023-11-13 |t 10 |w 2023-11-13 |y BK |k ART | ||
| 952 | |0 0 |1 0 |2 ddc |4 0 |6 779_440000000000000_JON_2018 |7 0 |8 R |9 592484 |a BIBART |b BIBART |c RES |d 2023-11-13 |e Donación |i 5659487 |l 1 |o 779.44 JON 2018 |p 5659487 |r 2025-03-13 |s 2023-12-04 |t 11 |w 2023-11-13 |y BK_R |k ART | ||